<?xml version="1.0" encoding="UTF-8"?>
<record
    xmlns:xsi="http://www.w3.org/2001/XMLSchema-instance"
    xsi:schemaLocation="http://www.loc.gov/MARC21/slim http://www.loc.gov/standards/marcxml/schema/MARC21slim.xsd"
    xmlns="http://www.loc.gov/MARC21/slim">

  <leader>01059nam a2200253 a 4500</leader>
  <controlfield tag="001">BRL_846</controlfield>
  <controlfield tag="005">20190320210924.0</controlfield>
  <controlfield tag="008">181013s1981----sp-a######---#000-0#spa-#</controlfield>
  <datafield tag="041" ind1=" " ind2=" ">
    <subfield code="a">spa</subfield>
  </datafield>
  <datafield tag="044" ind1=" " ind2=" ">
    <subfield code="a">sp</subfield>
  </datafield>
  <datafield tag="050" ind1=" " ind2="4">
    <subfield code="a">NK480.M29</subfield>
    <subfield code="b">.M87 1981</subfield>
  </datafield>
  <datafield tag="110" ind1="2" ind2=" ">
    <subfield code="a">Museo Nacional de Artes Decorativas (Espa&#xF1;a)</subfield>
    <subfield code="9">1997</subfield>
  </datafield>
  <datafield tag="245" ind1="1" ind2="0">
    <subfield code="a">Museo Nacional de Artes Decorativas</subfield>
    <subfield code="b">Gu&#xED;a</subfield>
    <subfield code="c">credactada por Ma. Dolores Enriquez Arranz ; colaboradoras Ma. Josefa Garc&#xED;a del Cid, Josefina Tena Artigas.</subfield>
  </datafield>
  <datafield tag="260" ind1=" " ind2=" ">
    <subfield code="a">Madrid</subfield>
    <subfield code="b">Ministerio de Cultura, Direcci&#xF3;n General de Bellas Artes, Archivos y Bibliotecas, Subdirecci&#xF3;n General de Museos, Patronato Nacional de Museos</subfield>
    <subfield code="c">1981</subfield>
  </datafield>
  <datafield tag="300" ind1=" " ind2=" ">
    <subfield code="a">144 p.</subfield>
    <subfield code="b">il., 54 l&#xE1;minas</subfield>
    <subfield code="c">20 cm.</subfield>
  </datafield>
  <datafield tag="440" ind1=" " ind2="0">
    <subfield code="a">Museos de Espa&#xF1;a: Serie Gu&#xED;as</subfield>
    <subfield code="9">25115</subfield>
  </datafield>
  <datafield tag="500" ind1=" " ind2=" ">
    <subfield code="a">Au966</subfield>
  </datafield>
  <datafield tag="650" ind1="1" ind2="4">
    <subfield code="a">Museo Nacional de Artes Decorativas (Espa&#xF1;a)</subfield>
    <subfield code="v">Gu&#xED;a</subfield>
    <subfield code="9">25116</subfield>
  </datafield>
  <datafield tag="700" ind1="1" ind2=" ">
    <subfield code="a">Enriquez Arranz, Maria Dolores</subfield>
    <subfield code="9">25117</subfield>
  </datafield>
  <datafield tag="700" ind1="1" ind2=" ">
    <subfield code="a">Garc&#xED;a y Garc&#xED;a del Cid, Mar&#xED;a Josefa</subfield>
    <subfield code="e">col.</subfield>
    <subfield code="9">25118</subfield>
  </datafield>
  <datafield tag="700" ind1="1" ind2=" ">
    <subfield code="a">Tena Artigas, Josefina</subfield>
    <subfield code="9">25119</subfield>
  </datafield>
  <datafield tag="902" ind1=" " ind2=" ">
    <subfield code="a">GRL</subfield>
  </datafield>
  <datafield tag="942" ind1=" " ind2=" ">
    <subfield code="2">lcc</subfield>
    <subfield code="c">B</subfield>
  </datafield>
  <datafield tag="999" ind1=" " ind2=" ">
    <subfield code="c">9658</subfield>
    <subfield code="d">9658</subfield>
  </datafield>
  <datafield tag="952" ind1=" " ind2=" ">
    <subfield code="0">0</subfield>
    <subfield code="1">0</subfield>
    <subfield code="4">0</subfield>
    <subfield code="7">0</subfield>
    <subfield code="a">BRL</subfield>
    <subfield code="b">BRL</subfield>
    <subfield code="d">2013-10-18</subfield>
    <subfield code="i">Au966</subfield>
    <subfield code="l">0</subfield>
    <subfield code="o">NK480.M29 .M87 1981 (Au966)</subfield>
    <subfield code="p">GRL00915</subfield>
    <subfield code="r">2019-03-22 00:00:00</subfield>
    <subfield code="w">2019-03-22</subfield>
    <subfield code="y">B</subfield>
  </datafield>
</record>
